<?xml version="1.0" encoding="UTF-8"?>
<record
    xmlns:xsi="http://www.w3.org/2001/XMLSchema-instance"
    xsi:schemaLocation="http://www.loc.gov/MARC21/slim http://www.loc.gov/standards/marcxml/schema/MARC21slim.xsd"
    xmlns="http://www.loc.gov/MARC21/slim">

  <leader>01109nam a22003018a 4500</leader>
  <controlfield tag="001">1437959</controlfield>
  <controlfield tag="003">CO-ViMGA</controlfield>
  <controlfield tag="005">20230915233613.0</controlfield>
  <controlfield tag="008">151010s2014    ck o   gr     00110 spa d</controlfield>
  <datafield tag="020" ind1=" " ind2=" ">
    <subfield code="a">9789583044342</subfield>
  </datafield>
  <datafield tag="040" ind1=" " ind2=" ">
    <subfield code="a">CO-ViMGA</subfield>
    <subfield code="b">spa</subfield>
    <subfield code="c">CO-ViMGA</subfield>
  </datafield>
  <datafield tag="041" ind1="0" ind2=" ">
    <subfield code="h">eng</subfield>
  </datafield>
  <datafield tag="082" ind1="0" ind2="4">
    <subfield code="a">I629.892 </subfield>
    <subfield code="b">K67c </subfield>
    <subfield code="2">21</subfield>
  </datafield>
  <datafield tag="100" ind1="1" ind2=" ">
    <subfield code="a">Kothe, Rainer.</subfield>
    <subfield code="9">790</subfield>
  </datafield>
  <datafield tag="245" ind1="1" ind2="0">
    <subfield code="a">Computadores y robots / </subfield>
    <subfield code="c">Rainer Kothe ; ilustrador Joachim Knappe ; traductor Francisco Ferna&#x1F9;dez del Pozo.</subfield>
  </datafield>
  <datafield tag="250" ind1=" " ind2=" ">
    <subfield code="a">Editor Cesar Alberto Cardozo Tovar.</subfield>
  </datafield>
  <datafield tag="260" ind1=" " ind2=" ">
    <subfield code="a">Bogot :&#x300; </subfield>
    <subfield code="b">Panamericana Editorial, </subfield>
    <subfield code="c">2014.</subfield>
  </datafield>
  <datafield tag="300" ind1=" " ind2=" ">
    <subfield code="a">48 p&#xE1;ginas : </subfield>
    <subfield code="b">fotograf&#xED;as, ilustraciones ; </subfield>
    <subfield code="c">28 cm.</subfield>
  </datafield>
  <datafield tag="490" ind1=" " ind2=" ">
    <subfield code="a">C&#xF3;mo y por qu&#xE9;</subfield>
  </datafield>
  <datafield tag="534" ind1=" " ind2=" ">
    <subfield code="p">T&#xED;tulo original : </subfield>
    <subfield code="t">Computer und roboter.</subfield>
  </datafield>
  <datafield tag="650" ind1="1" ind2="4">
    <subfield code="a"> Inteligencia artificial </subfield>
    <subfield code="v"> Preguntas y respuestas</subfield>
    <subfield code="9">840</subfield>
  </datafield>
  <datafield tag="650" ind1="1" ind2="4">
    <subfield code="a">Computadores</subfield>
    <subfield code="v"> Literatura juvenil.</subfield>
    <subfield code="9">839</subfield>
  </datafield>
  <datafield tag="650" ind1="1" ind2="4">
    <subfield code="a">Robots</subfield>
    <subfield code="v"> Literatura juvenil.</subfield>
    <subfield code="9">841</subfield>
  </datafield>
  <datafield tag="700" ind1="1" ind2=" ">
    <subfield code="a">Cardozo, Cesar, </subfield>
    <subfield code="e">editor.</subfield>
    <subfield code="9">106</subfield>
  </datafield>
  <datafield tag="700" ind1="1" ind2=" ">
    <subfield code="a">Ferna&#x1F9;dez del Pozo, Francisco, </subfield>
    <subfield code="e">traductor.</subfield>
    <subfield code="9">843</subfield>
  </datafield>
  <datafield tag="700" ind1="1" ind2=" ">
    <subfield code="a">Knappe, Joachim, </subfield>
    <subfield code="e">ilustrador.</subfield>
    <subfield code="9">842</subfield>
  </datafield>
  <datafield tag="942" ind1=" " ind2=" ">
    <subfield code="2">ddc</subfield>
    <subfield code="c">BK</subfield>
  </datafield>
  <datafield tag="999" ind1=" " ind2=" ">
    <subfield code="c">37316</subfield>
    <subfield code="d">37316</subfield>
  </datafield>
  <datafield tag="952" ind1=" " ind2=" ">
    <subfield code="0">0</subfield>
    <subfield code="1">0</subfield>
    <subfield code="2">ddc</subfield>
    <subfield code="4">0</subfield>
    <subfield code="7">0</subfield>
    <subfield code="8">002</subfield>
    <subfield code="a">MEVIECAR</subfield>
    <subfield code="b">MEVIECAR</subfield>
    <subfield code="d">2020-04-15</subfield>
    <subfield code="l">0</subfield>
    <subfield code="o">629.892 K67c</subfield>
    <subfield code="p">33287</subfield>
    <subfield code="r">2020-04-15 00:00:00</subfield>
    <subfield code="w">2020-04-15</subfield>
    <subfield code="y">BK</subfield>
  </datafield>
  <datafield tag="952" ind1=" " ind2=" ">
    <subfield code="0">0</subfield>
    <subfield code="1">0</subfield>
    <subfield code="2">ddc</subfield>
    <subfield code="4">0</subfield>
    <subfield code="7">0</subfield>
    <subfield code="8">002</subfield>
    <subfield code="a">MEVIECAR</subfield>
    <subfield code="b">MEVIECAR</subfield>
    <subfield code="d">2020-04-15</subfield>
    <subfield code="l">0</subfield>
    <subfield code="o">629.892 K67c</subfield>
    <subfield code="p">33288</subfield>
    <subfield code="r">2020-04-15 00:00:00</subfield>
    <subfield code="w">2020-04-15</subfield>
    <subfield code="y">BK</subfield>
  </datafield>
</record>
